Countries without A and E - Statistics

General Stats
  • This quiz has been taken 44 times
    35 since last reset
  • The average score is 4 of 9
Answer Stats
Countries % Correct
Togo
64%
Fiji
55%
Djibouti
52%
Kosovo
48%
Morocco
45%
Burundi
42%
Comoros
42%
Congo
36%
Cyprus
36%
No matching quizzes found
Score Distribution
Percent of People with Each Score
Percentile by Number Answered
Your Score History
You have not taken this quiz since the last reset